00977 a2200145 4500003000500000005001700005020001500022040000900037082001600046245015900062260002200221300001100243505054300254650003400797Nust20221209112411.0 a0780384842 cNust a621.382,PRO aProceedings of ICTTA' 04: The 1st int'l conference on information and communication technologies :bfrom theory to applications-ICTTA' 04 /cIEEE, France aParisbIEEEc2004 a686 P. aE-Government (Page-1), E-Health (Page-35), ICT & Intelligent Transportation (Page-51), E-Business and E-Commerce (Page-73), E-Learning and E-Education (Page-95), ICT & Emerging Applications (Page-121), ICT Application in Water and Environment Sectors (Page-147), Optical Comm. (Page-165), Wireless Networking and Comm. (Page-187), Evolution of Wireless Networks (Page-219), Antennas and Propagation (Page-239), Mobile Comm (Page-253), Digital Comm. (Page-267), Comm. Systems (Page-291), Emerging Technologies and Applications (Page-315). aTelecommunication Engineering